Horský hotel

Guardado en:
Detalles Bibliográficos
Autor principal: Kovácsová, Lilla (Autor)
Otros Autores: Držka, Milan (Orientador)
Formato: Manuscrito Libro
Lenguaje:eslovaco
Publicado: 2017
Materias:
Acceso en línea:http://is.stuba.sk/zp/portal_zp.pl?podrobnosti=125488
https://opac.crzp.sk/?fn=detailBiblioForm&sid=CBCDB6E5622FB9C0D15A4328BE80
Etiquetas: Agregar Etiqueta
Sin Etiquetas, Sea el primero en etiquetar este registro!

MARC

LEADER 00000ntm a22000003a 4500
001 stuzp63230
003 SK-STU
005 20230814140256.4
007 ta
008 150427s2015----xo-----f-mn---000-0-slo-d
040 |a STU  |b slo 
041 0 |a slo 
100 1 |a Kovácsová, Lilla  |u 010180  |4 aut  |U SvF Stavebná fakulta  |T SvF Katedra konštrukcií pozemných stavieb  |X 7521  |U V180  |Y 18  |7 7521 
242 0 1 |a Mountain hotel  |y eng 
245 1 0 |a Horský hotel 
260 |c 2017 
650 4 |a realizačný projekt  |2 slo 
650 4 |a tepelno-technické posúdenie  |2 slo 
650 4 |a horský hotel  |2 slo 
650 4 |a mountain hotel  |2 eng 
650 4 |a realization project  |2 eng 
650 4 |a thermo-technical assessment  |2 eng 
700 1 |a Držka, Milan  |u 010180  |k Z1  |4 ths  |U SvF Stavebná fakulta  |T SvF Katedra konštrukcií pozemných stavieb  |X 975  |U V180  |Y 18  |7 A000000975 
856 4 |u http://is.stuba.sk/zp/portal_zp.pl?podrobnosti=125488 
856 4 |u https://opac.crzp.sk/?fn=detailBiblioForm&sid=CBCDB6E5622FB9C0D15A4328BE80